Online payments using a common payment framework

Uložené v:
Podrobná bibliografia
Hlavný autor: Azizi, Najibullah (Autor)
Ďalší autori: Repka, Marek (Vedúci práce)
Médium: Rukopis Kniha
Jazyk:Slovak
English
Vydavateľské údaje: Bratislava : STU v Bratislave FEI, 2023
Predmet:
On-line prístup:https://opac.crzp.sk/?fn=detailBiblioFormChildOPJT3&sid=08878EB2E7E37CD0919777C0752B&seo=CRZP-detail-kniha
Tagy: Pridať tag
Žiadne tagy, Buďte prvý, kto otaguje tento záznam!

MARC

LEADER 00000ntm a22000003a 4500
001 stuzp93139
003 SK-STU
005 20241106133140.2
007 ta
008 150427s2015----xo-----f-mn---000-0-slo-d
040 |a STU  |b slo 
041 0 |a eng 
044 |a xo 
100 1 |a Azizi, Najibullah  |u 035000  |4 aut  |U FEI Fakulta elektrotechniky a informatiky  |T FEI Ústav informatiky a matematiky  |X 96654  |U E050  |Y 816  |7 96654 
242 0 1 |a Online platby pomocou spoločného platobného rámca  |y slo 
245 1 0 |a Online payments using a common payment framework 
260 |a Bratislava :  |b STU v Bratislave FEI,  |c 2023 
300 |a 51 s., príl. 
650 4 |a API  |2 slo 
650 4 |a React  |2 slo 
650 4 |a Node.js  |2 slo 
650 4 |a ExpressJs  |2 slo 
650 4 |a digitálny vek  |2 slo 
650 4 |a dizajn používateľského rozhrania  |2 slo 
650 4 |a Visual Studio Code  |2 slo 
650 4 |a Node.js  |2 eng 
650 4 |a credit cards  |2 eng 
650 4 |a API  |2 eng 
650 4 |a Stripe  |2 eng 
650 4 |a React  |2 eng 
650 4 |a UI design  |2 eng 
650 4 |a Visual Studio Code  |2 eng 
700 1 |a Repka, Marek  |4 ths  |X 29017  |7 A000029017 
856 4 |u https://opac.crzp.sk/?fn=detailBiblioFormChildOPJT3&sid=08878EB2E7E37CD0919777C0752B&seo=CRZP-detail-kniha